Sofia só (Registo nº 3842)

Detalhes MARC
000 -Etiqueta do registo
Cabeçalho 00459cam a2200193 i 4500
005 - Identificador da versão
Campo de controlo 20240813122045.0
100 ## - Dados gerais de processamento
Dados gerais de processamento 20101018d1979 d y0pory5003 ba
102 ## - Pais de publicação ou produção
País de publicação Portugal
101 0# - Língua de publicação
Língua do texto, banda sonora, etc. Português
215 ## - Descrição física 
Indicação específica da natureza do documento e extensão da espécie 42, [2] p. : il
200 1# - Titulo e menção de responsabilidade
Título próprio Sofia só
Primeira menção de responsabilidade Pedro Alvim
225 1# - Colecção 
Título próprio da colecção Plátano de Abril
Indicação de volume 12
210 ## - Publicação, Distribuição, etc. 
Lugar da edição, distribuição, etc. Lisboa
Nome do editor, distribuidor, etc. Plátano
Data da publicação, distribuição, etc. 1979
675 ## - Classificação Decimal Universal (CDU)
Notação 821.134.3-34
Língua da edição por
700 #1 - Nome de autor-pessoa física (responsabilidade principal)
Número de registo de entrada de autoridade 0000287
Palavra de ordem Alvim
Outra parte do nome não tomada para palavra de ordem Pedro
942 ## - Elementos de entrada adicionados (Koha)
Tipo de item no Koha Livro
Exemplares
Situação do levantamento Origin of item (home branch) (coded) Biblioteca de empréstimo Código de barras Cota Circulation type (not for loan) Tipo de documento Nota do exemplar Damaged status
  Biblioteca Escolar das Vendas Biblioteca Escolar das Vendas BEV185 8POR ALV   Livro Sem mensagem